000 00324nam a2200121Ia 4500
008 220216s9999 xx 000 0 und d
100 _aEstilai A
_cet al
245 0 _aRubber and resin yield performance of new guayule selections
260 _bAgronomy Journal
_c1992
300 _a420-424
650 _aGuayule
942 _cJS
999 _c67439
_d67439